Prognózy vývoja cien nehnuteľností na bývanie v prostredí krátkych časových radov

Enregistré dans:
Détails bibliographiques
Auteur principal: Karšay, Alexander, 1983-
Format: Chapitre de livre
Langue:slovaque
Tags: Ajouter un tag
Pas de tags, Soyez le premier à ajouter un tag!

MARC

LEADER 00000nla a2200000 4500
001 0200305
005 20240502073404.6
041 0 |a slo 
044 |a SK 
245 1 0 |a Prognózy vývoja cien nehnuteľností na bývanie v prostredí krátkych časových radov  |c Alexander Karšay 
100 1 |a Karšay, Alexander, 1983-